Evaluación del sector salud en Guatemala: proyecciones para un plan nacional integrado /
Evaluación del sector salud en Guatemala: proyecciones para un plan nacional de salud. Hace un recuento de recursos en este campo, e informa sobre: población (natalidad, mortalidad, crecimiento demográfico), servicios sanitarios, nutrición u desnutrición, vivienda, estructura y organización del sect...
Guardado en:
| 主要作者: | |
|---|---|
| 企業作者: | |
| 其他作者: | , |
| 格式: | Texto |
| 出版: |
Guatemala:
Ministerio de Salud y Asistencia Social
|
| 主題: | |
| 標簽: |
添加標簽
沒有標簽, 成為第一個標記此記錄!
|
MARC
| LEADER | 00000 a a2200000 04500 | ||
|---|---|---|---|
| 001 | 20068 | ||
| 003 | |||
| 040 | |||
| 090 | |a 082300 | ||
| 100 | |a Cordero Herrera, Gustavo Adolfo | ||
| 110 | |a Guatemala. Ministerio de Salud Pública y Asistencia Social | ||
| 245 | |a Evaluación del sector salud en Guatemala: proyecciones para un plan nacional integrado / |c Gustavo Adolfo Cordero Herrera | ||
| 260 | |a Guatemala: |b Ministerio de Salud y Asistencia Social | ||
| 300 | |a 120 p. | ||
| 520 | |a Evaluación del sector salud en Guatemala: proyecciones para un plan nacional de salud. Hace un recuento de recursos en este campo, e informa sobre: población (natalidad, mortalidad, crecimiento demográfico), servicios sanitarios, nutrición u desnutrición, vivienda, estructura y organización del sector salud, enseñanza y salud, legislación sobre salud. Relaciona el sector en estudio con el desarrollo socioeconómico del país. Ofrece lineamientos generales para una política de la salud en Guatemala./ACM | ||
| 650 | |a GUATEMALA | ||
| 650 | |a SALUD | ||
| 650 | |a EVALUACION DE RECURSOS | ||
| 650 | |a POLITICA DE SALUD | ||
| 650 | |a PLANIFICACION DE LA SALUD | ||
| 700 | |a Cid Peralta, Eusebio del | ||
| 700 | |a Viau Davila, Alberto | ||
| 999 | |c 5963 |d 5963 | ||
